The 100 characters Quiz Stats

 Plays Quiz not verified by Sporcle

Challenge
Share
Tweet
Embed
Score 0/12 Timer 01:00
0 Plays Today
last name first name % Correct
griffinclarke
98.6%
blakebellamy
95.7%
blakeoctavia
95.7%
griffinabby
94.2%
murphyjohn
91.3%
jahawells
91.3%
reyesraven
91.3%
jordanjasper
85.5%
collinsfinn
84.1%
greenmonty
82.6%
kanemarcus
79.7%
jahathelonious
62.3%

You're not logged in!

Compare scores with friends on all Sporcle quizzes.
OR
Log In

You Might Also Like...

Show Comments

Extras

Created Jul 6, 2015ReportNominate
Tags:100, character, last

Top Quizzes Today


Score Distribution

Your Account Isn't Verified!

In order to create a playlist on Sporcle, you need to verify the email address you used during registration. Go to your Sporcle Settings to finish the process.

Report this User

Report this user for behavior that violates our Community Guidelines.

Details: